| 000 | 00629nam a22001457a 4500 | ||
|---|---|---|---|
| 020 | _a978-81-7223-897-1 | ||
| 082 |
_a920 _bDAS/M |
||
| 100 | _aDAS, KAMALA | ||
| 245 | _aMY STORY | ||
| 260 |
_aNOIDA _bHARPER COLLINS PUBLISHERS |
||
| 300 | _a211 | ||
| 520 | _aThe book, with 50 chapters, follows Aami's (Kamala) life from age four through British colonial and missionary schools in Calcutta where she had to face racist discrimination; through the brutal and indulgent relationship with her husband; through her sexual awakening; her literary career; extramarital affairs; the ... | ||
| 650 |
_aAUTOBIOGRAPHY _zINDIA |
||
| 942 | _cBK | ||
| 999 |
_c3011 _d3011 |
||